000 00544nmm a2200169Ia 4500
008 251105s9999||||xx |||||||||||||||||und||
020 _a9788481694130
041 _aspa
100 _aGarrido, Javier
245 0 _aExperiencias humanas y camino de fe: materiales para acompañar grupos de adultos
264 _a[Madrid, España] :
_bEditorial Verbo Divino,
_c2013
300 _a187 páginas
490 _aAcción pastoral
650 _aMind, body and spirituality
856 _uhttps://public.digitaliapublishing.com/a/51093
942 _cCF
999 _c85892
_d85892